iQueremos la paz! Documentos de organizaciones y grupos cristianos sobre la paz en Centroamérica
সংরক্ষণ করুন:
| প্রধান লেখক: | |
|---|---|
| বিন্যাস: | অজ্ঞাত |
| প্রকাশিত: |
San José:
DEI
|
| ট্যাগগুলো: |
ট্যাগ যুক্ত করুন
কোনো ট্যাগ নেই, প্রথমজন হিসাবে ট্যাগ করুন!
|
MARC
| LEADER | 00000 a2200000 04500 | ||
|---|---|---|---|
| 001 | 14688 | ||
| 003 | |||
| 008 | 991231s d | ||
| 040 | |||
| 020 | |a 9977-904-04-9 | ||
| 022 | |a 9977-904-04-9 | ||
| 090 | |a 017612 | ||
| 100 | |a Meléndez, Guillermo | ||
| 245 | |a iQueremos la paz! Documentos de organizaciones y grupos cristianos sobre la paz en Centroamérica | ||
| 260 | |a San José: |b DEI | ||
| 300 | |a 150 p | ||
| 999 | |c 12984 |d 12984 | ||



